Missing Vowels-Cheeses - Statistics

General Stats
  • This quiz has been taken 48 times
  • The average score is 13 of 15
Answer Stats
Hint Answer % Correct
MZZRLL Mozzarella
100%
BR Brie
98%
CHDDR Cheddar
98%
GRGNZL Gorgonzola
95%
GD Gouda
93%
FT Feta
91%
PRMSN Parmesan
91%
BL CHS Blue Cheese
88%
CTTG CHS Cottage Cheese
88%
RCTT Ricotta
84%
EDM Edam
81%
CMMBRT Camembert
77%
CLBY Colby
74%
STLTN Stilton
70%
BRRT Burrata
26%
No matching quizzes found
Score Distribution
Percent of People with Each Score
Percentile by Number Answered
Your Score History
You have not taken this quiz